[Event "AUT-chT 9697"]
[Site "Vorarlberg"]
[Date "1996.??.??"]
[Round "?"]
[White "Grueninger, David"]
[Black "Heinritz, Dietmar"]
[Result "1/2-1/2"]
[WhiteElo "1860"]
[BlackElo "1755"]
[PlyCount "36"]
[EventDate "1996.??.??"]
[EventType "team"]
[EventRounds "9"]
[EventCountry "AUT"]
[SourceTitle "EXT 1999"]
[Source "ChessBase"]
[SourceDate "1998.11.16"]
[SourceVersion "1"]
[SourceVersionDate "1998.11.16"]
[SourceQuality "1"]

1. Nf3 Nf6 2. d4 g6 3. g3 Bg7 4. Bg2 0-0 5. 0-0 d6 6. b3 c5 7. Bb2 cxd4 8. Nxd4 d5 9. c4 dxc4 10. bxc4 Nbd7 11. Nb3 a5 12. a4 Nb6 13. N1d2 Be6 14. Qc2 Qc7 15. Rfc1 Bd7 16. Nd4 Rfc8 17. c5 Nbd5 18. Nb5 Qb8 1/2-1/2